000
00294nam a22001337a 4500
008
180214b xxu||||| |||| 00| 0 eng d
020
_a
9780470169339
041
_a
eng
080
_2
8 ED
_a
658
100
_a
54
101
_a
MAN
245
_a
ACCOUTING PRINCIPLES
_c
KIESO.K
942
_2
udc
_c
BK
999
_c
42464
_d
42464